モンスト 限定キャラクイズ - Statistics

General Stats
  • This quiz has been taken 139 times
    11 since last reset
  • The average score is 48 of 147
Answer Stats
実装年 Answer ガチャ % Correct
ラファエル 天使の福音を受けし者達
89%
ウリエル 獣神祭
89%
2016年 ガブリエル 超・獣神祭
89%
2024年 マサムネ 超・獣神祭
89%
2013年 ストライク 獣神祭
78%
2015年 ルシファー 超・獣神祭
78%
2017年 パンドラ 超・獣神祭
78%
2025年 エル 超・獣神祭
78%
ミカエル 火と水の祭典
67%
神威 超・獣神祭
67%
ザドキエル グリーンファンタジー
67%
カマエル レッドスターズ
67%
ビナー 超・獣神祭
67%
フビライ・ハン オリエンタルトラベラーズ
67%
2021年 アルセーヌ 超・獣神祭
67%
2022年 ネオ 超・獣神祭
67%
ルナ ミッドナイトパーティー
67%
2023年 ヤクモ 超・獣神祭
67%
ナイトメア 超・獣神祭
67%
2026年 リンネ 超・獣神祭
67%
ハーレーX 勇躍の獣騎兵
67%
アグナムート 獣神祭
56%
媽祖 オリエンタルトラベラーズ
56%
2020年 エクスカリバー 超・獣神祭
56%
ちはや 激・獣神祭
56%
エリス 激・獣神祭
56%
ジュゲム 激・獣神祭
56%
アグナムートX 獣神祭
56%
チンギス・ハン モンストコレクション
44%
ダルタニャン 水の遊宴
44%
2018年 マナ 超・獣神祭
44%
メタトロン ミッドナイトパーティー
44%
ラミエル 水の遊宴
44%
デビルズ・パンク・インフェルノ 超・獣神祭
44%
テンペスト オリエンタルトラベラーズ
44%
武則天 オリエンタルトラベラーズ
44%
西施 オリエンタルトラベラーズ
44%
アムリタ 水の遊宴
44%
終末運命共同隊 Destiny Burst LIVE!!
44%
アナスタシア 激・獣神祭
44%
包青天 オリエンタルトラベラーズ
44%
サトリ 激・獣神祭
44%
タルタロス グリーンファンタジー
44%
モンテ・クリスト 超・獣神祭
44%
アガスティア グリーンファンタジー
44%
sinギルティ 激・獣神祭
44%
ナポレオン 神化論
33%
天草四郎 獣神祭
33%
ノア 超・獣神祭
33%
ナイチンゲール 激・獣神祭
33%
ノストラダムス 超・獣神祭
33%
背徳ピストルズ Burning Night LIVE!!
33%
サンダルフォン スターライトミラージュ
33%
鬼丸国綱 レッドスターズ
33%
三日月宗近 グリーンファンタジー
33%
童子切安綱 水の遊宴
33%
幕末リザレクション Breaking Dawn LIVE!!
33%
ハレルヤ 超・獣神祭
33%
レッドスターズ
33%
ピリカ 水の遊宴
33%
えび天娘。 Smiley Gate LIVE!!
33%
メモリー 激・獣神祭
33%
マギア 超・獣神祭
33%
クリムト スターライトミラージュ
33%
ゲキリン 激・獣神祭
33%
久遠 超・獣神祭
33%
メビウス 超・獣神祭
33%
いろは 激・獣神祭
33%
ヤバい女子高生たち、 スターライトミラージュ
33%
カルマロックスター 激・獣神祭
33%
ミライ 激・獣神祭
33%
Angely Diva Splash Flash LIVE!!
33%
織田信長X 水獣の祭典
33%
クレオパトラ 光と闇のハーモニー
22%
卑弥呼 超獣神祭
22%
妲己 獣神祭
22%
ジキル&ハイド 光と闇のハーモニー
22%
キスキル・リラ スターライトミラージュ
22%
ミロク 激・獣神祭
22%
モーセ 超・獣神祭
22%
2019年 ソロモン 超・獣神祭
22%
カエサル 激・獣神祭
22%
楊貴妃 オリエンタルトラベラーズ
22%
風神雷神 激・獣神祭
22%
大典太光世 スターライトミラージュ
22%
数珠丸恒次 ミッドナイトパーティー
22%
閻魔 激・獣神祭
22%
モノノケ少女 スターライトミラージュ
22%
オニャンコポン 激・獣神祭
22%
バサラ 超・獣神祭
22%
えびす 激・獣神祭
22%
聖徳太子 レッドスターズ
22%
ジャック・ザ・リッパー 激・獣神祭
22%
ファウスト 激・獣神祭
22%
鍾馗 オリエンタルトラベラーズ
22%
シャルルマーニュ 水の遊宴
22%
キリンジ 超・獣神祭
22%
ミューズ 激・獣神祭
22%
新島八重 グリーンファンタジー
22%
水戸光圀 ミッドナイトパーティー
22%
月下老人 オリエンタルトラベラーズ
22%
さよならグラビティ 水の遊宴
22%
三途 激・獣神祭
22%
ヴァニタス 激・獣神祭
22%
盤古 オリエンタルトラベラーズ
22%
ルネサンス 激・獣神祭
22%
エトワール グリーンファンタジー
22%
ニケ 超・獣神祭
22%
アンドロイド 水の遊宴
22%
東方萌萌美人 オリエンタルトラベラーズ
22%
デッドラビッツLtd. グリーンファンタジー
22%
Two for all Burning Night LIVE!!
22%
2014年 アポロX 翠嶺の祝福
22%
ランスロットX 逆襲の紅蓮
22%
アリス 獣神祭
11%
ジャンヌ・ダルク 光と闇のハーモニー
11%
ワルプルギス 激・獣神祭
11%
小野小町 激・獣神祭
11%
シャーロック・ホームズ 超・獣神祭
11%
ツタンカーメン 激・獣神祭
11%
西王母 オリエンタルトラベラーズ
11%
王昭君 オリエンタルトラベラーズ
11%
アミダ 超・獣神祭
11%
神農 オリエンタルトラベラーズ
11%
項羽 オリエンタルトラベラーズ
11%
カノン 超・獣神祭
11%
アンドロメダ グリーンファンタジー
11%
帰蝶 激・獣神祭
11%
劉邦 オリエンタルトラベラーズ
11%
ポラリス 激・獣神祭
11%
シュレディンガー スターライトミラージュ
11%
バビロン ミッドナイトパーティー
11%
ディアボロス レッドスターズ
11%
マジカル☆メルルンず ミッドナイトパーティー
11%
ロビン・フッド 獣神祭
0%
弁財天 激・獣神祭
0%
石川五右衛門 超・獣神祭
0%
ワタツミ 激・獣神祭
0%
月麗 オリエンタルトラベラーズ
0%
アベル 激・獣神祭
0%
ラプラス 激・獣神祭
0%
まほろば 激・獣神祭
0%
アビス 超・獣神祭
0%
アルスラーン 超・獣神祭
0%
キル×ユア×アイドル Cutting Edge LIVE!!
0%
星霜 ミッドナイトパーティー
0%
ルミナス スターライトミラージュ
0%
No matching quizzes found
Score Distribution
Percent of People with Each Score
Percentile by Number Answered
Your Score History
You have not taken this quiz since the last reset